Nimeä elokuvat - Statistics

Yleistilastot
  • Tätä visaa on pelattu 170 kertaa
  • Keskiarvotulos 12 / 20
Vastaustilastot
Kuvavisa Vastaus % Oikein
Titanic
93%
Lion king
88%
shrek
86%
Star wars
83%
Jaws
81%
Jurassic Park
78%
Raiders of the Lost Ark
73%
The Lord of the Rings The Return of the King
72%
The godfather
69%
Pulp fiction
58%
Forest gump
57%
The matrix
54%
Fight club
50%
The dark knight
49%
The Shawshank Redemption
36%
Schindlerin lista
35%
The Good the Bad and the Ugly
35%
Terminator 2 Judgment Day
29%
Spirited away
28%
12 angry man
13%
Ehtoja vastaavia visoja ei löytynyt
Tulosjakauma
Jokaisen tuloksen saaneiden osuus
Persentiili vastausten määrän mukaan
Tuloshistoriasi
Et ole pelannut tätä visaa